000 00261nam a22001217a 4500
008 180302b xxu||||| |||| 00| 0 eng d
041 _aeng
080 _a621
100 _a26
101 _aELE
245 _aCutting Energy Costs
_cBergland, B
942 _2udc
_cBK
999 _c43917
_d43917